MAASAI MARA UNIVERSITY

LIBRARY CATALOGUE

Contact Us: +254 020 2685356/7 or 0774 057787

Box: 861-20500, NAROK, KENYA

Email: info@mmarau.ac.ke

_In the fog of the seasons end humane,careful and very moving Alex La Guma (Record no. 14335)

MARC details
000 -LEADER
fixed length control field 00392nam a2200133Ia 4500
008 - FIXED-LENGTH DATA ELEMENTS--GENERAL INFORMATION
fixed length control field 151021s9999 xx 000 0 und d
020 ## - INTERNATIONAL STANDARD BOOK NUMBER
International Standard Book Number 435909800
050 ## - LIBRARY OF CONGRESS CALL NUMBER
Classification number PZ4 .L178 1972
245 ## - TITLE STATEMENT
Title _In the fog of the seasons end humane,careful and very moving Alex La Guma
260 ## - PUBLICATION, DISTRIBUTION, ETC. (IMPRINT)
Place of publication, distribution, etc. Johannesburg Heinemann 1972
300 ## - PHYSICAL DESCRIPTION
Extent 181p.
650 ## - SUBJECT ADDED ENTRY--TOPICAL TERM
Topical term or geographic name as entry element _Novel
980 ## - EQUIVALENCE OR CROSS-REFERENCE-SERIES STATEMENT--PERSONAL NAME/TITLE [LOCAL, CANADA]
Personal name ^d20130806 11:09:58^oanne

No items available.

© 2016 Maasai Mara University.